[Event "Armenia ch 2005"]
[Site "Yerevan ARM"]
[Date "2005.05.04"]
[Round "6.1"]
[White "Yegiazarian, Arsen"]
[Black "Chibukhchian, Artur"]
[Result "1-0"]
[WhiteElo "2534"]
[BlackElo "2406"]
[PlyCount "105"]
[EventDate "2005.04.29"]
[EventType "tourn"]
[EventRounds "11"]
[EventCountry "ARM"]
[Source "lmi"]
[SourceDate "2005.05.11"]

1. e4 c5 2. Nf3 e6 3. d4 cxd4 4. Nxd4 a6 5. c4 Nf6 6. Nc3 Qc7 7. a3 b6 8. Be3
Bb7 9. f3 Nc6 10. b4 Ne5 11. Rc1 d6 12. Be2 Be7 13. O-O O-O 14. Na4 Rab8 15.
Qe1 Ba8 16. Qf2 Qd7 17. b5 Rfc8 18. Rfd1 Qe8 19. Nb2 a5 20. Na4 d5 21. cxd5
Rxc1 22. Bxc1 exd5 23. exd5 Bxd5 24. Bf4 Bxa3 25. Bf1 Bb4 26. Qe2 Bd6 27. Nc6
Nxf3+ 28. gxf3 Bxf4 29. Ne7+ Kf8 30. Nxd5 Be5 31. Naxb6 Qe6 32. Nc4 Nxd5 33.
Qxe5 Rxb5 34. Qd6+ Qxd6 35. Nxd6 Nc3 36. Rd3 Rc5 37. Nb7 Rg5+ 38. Kf2 Nd5 39.
Nxa5 Rh5 40. Kg3 Rg5+ 41. Kf2 Rh5 42. h3 Nf4 43. Rd8+ Ke7 44. Nc6+ Kf6 45. Rd6+
Kg5 46. Kg3 Rh4 47. Nd8 f5 48. Nf7+ Kh5 49. Ne5 g6 50. Rd7 h6 51. Rg7 g5 52.
Ng4 Nd5 53. Bb5 1-0

[Event "Armenia ch 2005"]
[Site "Yerevan ARM"]
[Date "2005.05.04"]
[Round "6.2"]
[White "Minasian, Artashes"]
[Black "Galstian, Beniamin"]
[Result "1/2-1/2"]
[WhiteElo "2597"]
[BlackElo "2448"]
[PlyCount "123"]
[EventDate "2005.04.29"]
[EventType "tourn"]
[EventRounds "11"]
[EventCountry "ARM"]
[Source "lmi"]
[SourceDate "2005.05.11"]

1. e4 e6 2. d4 d5 3. e5 c5 4. c3 Qb6 5. Nf3 Bd7 6. a3 a5 7. Bd3 Bb5 8. Bxb5+
Qxb5 9. a4 Qb6 10. O-O Nc6 11. Na3 cxd4 12. Nb5 dxc3 13. bxc3 Nh6 14. Rb1 Qd8
15. Bxh6 gxh6 16. c4 Nb4 17. Qd4 Bg7 18. Qc5 Bf8 19. Qe3 Rc8 20. cxd5 Nxd5 21.
Qe4 Be7 22. Qg4 Kf8 23. Qe4 Kg7 24. Rb3 Rg8 25. Nfd4 Kh8 26. Kh1 Rc4 27. f4 Bc5
28. Rd3 Nb4 29. Rd2 Nc6 30. Nd6 Bxd6 31. Nxc6 Rxe4 32. Nxd8 Rxd8 33. exd6 Rxa4
34. f5 exf5 35. Kg1 Rd7 36. Rxf5 b6 37. Re5 Kg7 38. Re8 Rc4 39. Rd3 h5 40. Re1
Rc6 41. Red1 a4 42. Rd5 a3 43. R1d2 Rc5 44. Rxc5 bxc5 45. Ra2 Ra7 46. d7 Rxd7
47. Rxa3 Kf6 48. Rc3 Rc7 49. Kf2 Ke5 50. Ke3 c4 51. Kd2 Kd4 52. Ra3 Rb7 53. Kc2
Re7 54. Kd2 Re5 55. Rf3 f5 56. Rf4+ Kc5 57. Kc3 Re3+ 58. Kd2 Re5 59. Kc3 Kb5
60. Rxc4 Re3+ 61. Kd2 Rh3 62. Rf4 1/2-1/2

[Event "Armenia ch 2005"]
[Site "Yerevan ARM"]
[Date "2005.05.04"]
[Round "6.3"]
[White "Kotanjian, Tigran"]
[Black "Babujian, Levon"]
[Result "0-1"]
[WhiteElo "2443"]
[BlackElo "2386"]
[PlyCount "102"]
[EventDate "2005.04.29"]
[EventType "tourn"]
[EventRounds "11"]
[EventCountry "ARM"]
[Source "lmi"]
[SourceDate "2005.05.11"]

1. d4 d5 2. c4 e6 3. Nc3 Be7 4. cxd5 exd5 5. Bf4 c6 6. e3 Nf6 7. Bd3 Nbd7 8. h3
Nf8 9. Nf3 Ng6 10. Bh2 O-O 11. O-O Bd6 12. Ne5 Re8 13. f4 c5 14. Kh1 a6 15. Qf3
c4 16. Bc2 Bc7 17. g4 b5 18. a3 Bb7 19. g5 Ne4 20. Nxe4 dxe4 21. Bxe4 Bxe4 22.
Qxe4 f6 23. gxf6 gxf6 24. f5 Nxe5 25. dxe5 Bxe5 26. Rg1+ Kh8 27. Bxe5 Rxe5 28.
Qg4 Qd5+ 29. Kh2 Rg8 30. Qf4 Qd2+ 31. Kh1 Rxg1+ 32. Rxg1 Qxe3 33. Qf1 Qe4+ 34.
Qg2 Qxg2+ 35. Rxg2 Rxf5 36. Rd2 Kg7 37. Kg2 Kg6 38. Rd6 a5 39. Ra6 Rd5 40. Rxa5
Rd2+ 41. Kf3 Rxb2 42. h4 h5 43. Ke3 Rb3+ 44. Ke4 Rh3 45. Rxb5 Rxa3 46. Rb8 Rh3
47. Rg8+ Kf7 48. Rc8 Rxh4+ 49. Kf5 Ke7 50. Rh8 c3 51. Rc8 Rh3 0-1

[Event "Armenia ch 2005"]
[Site "Yerevan ARM"]
[Date "2005.05.04"]
[Round "6.4"]
[White "Sargissian, Gabriel"]
[Black "Petrosian, Tigran L"]
[Result "1-0"]
[WhiteElo "2630"]
[BlackElo "2599"]
[PlyCount "85"]
[EventDate "2005.04.29"]
[EventType "tourn"]
[EventRounds "11"]
[EventCountry "ARM"]
[Source "lmi"]
[SourceDate "2005.05.11"]

1. d4 Nf6 2. c4 g6 3. Nc3 Bg7 4. Bg5 O-O 5. Nf3 d6 6. e3 c5 7. d5 Qa5 8. Nd2 a6
9. a4 h6 10. Bh4 e6 11. Be2 Qb4 12. Bxf6 Bxf6 13. Qc2 Qa5 14. Bg4 Bxc3 15. Qxc3
Qxc3 16. bxc3 f5 17. Be2 e5 18. a5 Nd7 19. O-O Kf7 20. f4 e4 21. g4 Nf6 22.
gxf5 gxf5 23. Kf2 Rg8 24. Rfb1 Rb8 25. Nf1 h5 26. h4 Ng4+ 27. Bxg4 Rxg4 28. Rb6
Ke7 29. Nh2 Rg8 30. Rab1 Kd7 31. Rxa6 bxa6 32. Rxb8 Kc7 33. Rb6 Bd7 34. Nf1 Rg4
35. Rxa6 Bc8 36. Rc6+ Kb8 37. Rxd6 Rxh4 38. Rb6+ Ka7 39. Rc6 Ba6 40. Rxc5 Rg4
41. d6 h4 42. Rxf5 Bxc4 43. Rg5 1-0

[Event "Armenia ch 2005"]
[Site "Yerevan ARM"]
[Date "2005.05.04"]
[Round "6.5"]
[White "Minasian, Ara"]
[Black "Asrian, Karen"]
[Result "1/2-1/2"]
[WhiteElo "2510"]
[BlackElo "2611"]
[PlyCount "54"]
[EventDate "2005.04.29"]
[EventType "tourn"]
[EventRounds "11"]
[EventCountry "ARM"]
[Source "lmi"]
[SourceDate "2005.05.11"]

1. e4 e6 2. d4 d5 3. Nc3 Bb4 4. Nge2 dxe4 5. a3 Be7 6. Nxe4 Nf6 7. Qd3 Nc6 8.
Bf4 O-O 9. O-O-O b6 10. h4 Nxe4 11. Qxe4 Bb7 12. d5 exd5 13. Rxd5 Bd6 14. Bxd6
cxd6 15. Qf4 Re8 16. Rxd6 Qe7 17. Rh3 Ne5 18. Rd2 Ba6 19. Rc3 Qb7 20. h5 Rac8
21. Rxc8 Qxc8 22. Ng3 Bxf1 23. Nxf1 Nc4 24. Rd1 h6 25. Ng3 Qc5 26. Nf5 Re2 27.
Nd4 Nxa3 1/2-1/2

[Event "Armenia ch 2005"]
[Site "Yerevan ARM"]
[Date "2005.05.04"]
[Round "6.6"]
[White "Nalbandian, Tigran"]
[Black "Anastasian, Ashot"]
[Result "1-0"]
[WhiteElo "2508"]
[BlackElo "2574"]
[PlyCount "137"]
[EventDate "2005.04.29"]
[EventType "tourn"]
[EventRounds "11"]
[EventCountry "ARM"]
[Source "lmi"]
[SourceDate "2005.05.11"]

1. e4 c6 2. d4 d5 3. exd5 cxd5 4. c4 Nf6 5. Nc3 e6 6. Nf3 Be7 7. cxd5 Nxd5 8.
Bd3 Nc6 9. O-O O-O 10. Re1 Nxc3 11. bxc3 b6 12. Be4 Bb7 13. Qd3 g6 14. Bh6 Re8
15. Rad1 Qc7 16. Ng5 Qf4 17. g3 Qc7 18. Nxe6 fxe6 19. Bxg6 Bf6 20. Bxe8 Rxe8
21. Bf4 Qd7 22. d5 Ne7 23. Rxe6 Nxd5 24. Rd6 Qf7 25. Rxd5 Bxd5 26. Qxd5 Re1+
27. Kg2 Rxd1 28. Qxd1 Qxa2 29. Qg4+ Kf7 30. Qd7+ Kg6 31. h4 h5 32. g4 Qf7 33.
Qd3+ Kg7 34. g5 Be7 35. Be5+ Kg8 36. Qd7 Bc5 37. Qd8+ Kh7 38. Bd4 Bxd4 39. Qxd4
Qe6 40. Kf3 Kg8 41. Qe4 Qf7+ 42. Ke3 a5 43. f4 Qb3 44. Qe8+ Kg7 45. Qd7+ Kf8
46. Qd8+ Kf7 47. Qc7+ Ke8 48. Qc6+ Kd8 49. g6 Qb1 50. Qd5+ Kc7 51. Qe5+ Kd7 52.
Qd4+ Kc7 53. g7 Qe1+ 54. Kd3 Qb1+ 55. Ke2 Qa2+ 56. Kf3 Qf7 57. c4 Qg6 58. Qe5+
Kc8 59. f5 Qg4+ 60. Ke3 Qg1+ 61. Kd2 Qf2+ 62. Kc1 Qf1+ 63. Kb2 Qg2+ 64. Ka3
Qf3+ 65. Ka2 Qg2+ 66. Ka3 Qg1 67. Qe8+ Kc7 68. g8=Q Qc1+ 69. Ka4 1-0

[Event "Armenia ch 2005"]
[Site "Yerevan ARM"]
[Date "2005.05.06"]
[Round "7.1"]
[White "Anastasian, Ashot"]
[Black "Yegiazarian, Arsen"]
[Result "1/2-1/2"]
[WhiteElo "2574"]
[BlackElo "2534"]
[PlyCount "156"]
[EventDate "2005.04.29"]
[EventType "tourn"]
[EventRounds "11"]
[EventCountry "ARM"]
[Source "lmi"]
[SourceDate "2005.05.11"]

1. d4 Nf6 2. c4 e6 3. Nc3 Bb4 4. Qc2 c5 5. dxc5 O-O 6. Nf3 Na6 7. a3 Bxc3+ 8.
Qxc3 Nxc5 9. g3 b6 10. Bg2 Bb7 11. O-O Rc8 12. Be3 d5 13. Rac1 dxc4 14. Rfd1
Nd5 15. Qxc4 Ba6 16. Qa2 Bxe2 17. Rd2 Bxf3 18. Bxf3 Ne4 19. Rxc8 Qxc8 20. Rxd5
exd5 21. Qxd5 Nf6 22. Qb5 Rd8 23. Kg2 h6 24. h3 Qe6 25. Qa4 Nd5 26. Bd2 a5 27.
b4 Nxb4 28. Bxb4 axb4 29. Qxb4 Qd6 30. Qb2 Qc5 31. h4 Rd4 32. h5 Ra4 33. Qd2
Rxa3 34. Qd8+ Qf8 35. Qxb6 Rd3 36. Qb7 Qd8 37. Qb5 Rd2 38. Be4 Kf8 39. Qc5+ Qd6
40. Qc8+ Ke7 41. Qc3 Rd4 42. Bf3 f5 43. Qc8 f4 44. Qg8 Qe5 45. g4 Rd2 46. Qc4
Rb2 47. Qc1 Qd4 48. Qc7+ Kf8 49. Qc8+ Kf7 50. Qc7+ Kf6 51. Qc6+ Kg5 52. Kh3 Rb6
53. Qc2 Kf6 54. Kg2 Rd6 55. Qf5+ Ke7 56. Qc2 Kd8 57. Qf5 Kc7 58. Be4 Rf6 59.
Qa5+ Kd6 60. Bf3 Ke7 61. Qc7+ Kf8 62. Qc8+ Kf7 63. Qb7+ Kf8 64. Bd5 Qe5 65. Qd7
Qe8 66. Qc7 g5 67. hxg6 Rxg6 68. Qxf4+ Kg7 69. Qd4+ Rf6 70. Qa7+ Kg6 71. Qb7
Qe5 72. Bf3 Re6 73. Qc8 Kg5 74. Qc1+ Qf4 75. Qc5+ Re5 76. Qd6 Kh4 77. Qd1 Kg5
78. Qd8+ Qf6 1/2-1/2

[Event "Armenia ch 2005"]
[Site "Yerevan ARM"]
[Date "2005.05.06"]
[Round "7.3"]
[White "Petrosian, Tigran L"]
[Black "Minasian, Ara"]
[Result "1-0"]
[WhiteElo "2599"]
[BlackElo "2510"]
[PlyCount "69"]
[EventDate "2005.04.29"]
[EventType "tourn"]
[EventRounds "11"]
[EventCountry "ARM"]
[Source "lmi"]
[SourceDate "2005.05.11"]

1. e4 e5 2. Nf3 Nc6 3. Bb5 Nf6 4. O-O Nxe4 5. d4 Nd6 6. dxe5 Nxb5 7. a4 Nbd4 8.
Nxd4 d6 9. Nxc6 bxc6 10. Qf3 dxe5 11. Qxc6+ Bd7 12. Qe4 Bd6 13. f4 O-O 14. fxe5
Qe7 15. Bf4 Rab8 16. Kh1 Bc5 17. b3 Rb4 18. Qe1 Bf5 19. Nc3 Qe6 20. Rc1 Rd8 21.
Be3 Qxe5 22. Bg1 Qxe1 23. Rcxe1 Bxg1 24. Rxf5 Bb6 25. a5 Bd4 26. Nd5 g6 27.
Nxb4 gxf5 28. Rd1 Rd6 29. c3 Bxc3 30. Rxd6 cxd6 31. Nc6 a6 32. b4 Kf8 33. b5
Bxa5 34. bxa6 Bb6 35. g3 1-0

[Event "Armenia ch 2005"]
[Site "Yerevan ARM"]
[Date "2005.05.06"]
[Round "7.4"]
[White "Babujian, Levon"]
[Black "Sargissian, Gabriel"]
[Result "0-1"]
[WhiteElo "2386"]
[BlackElo "2630"]
[PlyCount "120"]
[EventDate "2005.04.29"]
[EventType "tourn"]
[EventRounds "11"]
[EventCountry "ARM"]
[Source "lmi"]
[SourceDate "2005.05.11"]

1. e4 e5 2. Nf3 Nc6 3. d4 exd4 4. Bc4 Bc5 5. c3 Nf6 6. O-O Nxe4 7. Re1 d5 8.
Bg5 Be7 9. Bxe7 Nxe7 10. Qxd4 Nf6 11. Bd3 O-O 12. Nbd2 Re8 13. Nf1 Bg4 14. Ng5
h6 15. Nh7 Ne4 16. f3 Bf5 17. fxe4 Bxh7 18. e5 Bxd3 19. Qxd3 Nc6 20. Qg3 Qg5
21. e6 Qxg3 22. exf7+ Kxf7 23. Nxg3 Rxe1+ 24. Rxe1 Re8 25. Rd1 Re5 26. Kf2 Ne7
27. Ne2 Nf5 28. Nf4 c6 29. g4 Ne3 30. Rg1 Re4 31. Kf3 Nc4 32. Kg3 g5 33. Nh5
Re3+ 34. Kf2 Rd3 35. Rf1 Nd2 36. Re1 Ne4+ 37. Kg1 Rd2 38. Rf1+ Ke7 39. Rb1 Re2
40. h3 Nd2 41. Ng3 Nf3+ 42. Kf1 Rh2 43. a4 Nd2+ 44. Kg1 Rxh3 45. Nf5+ Kf6 46.
Rd1 Nc4 47. Rf1 Nxb2 48. Ng3+ Ke6 49. Kg2 Rh4 50. Re1+ Kd7 51. a5 Nd3 52. Re3
Nf4+ 53. Kf3 h5 54. Kf2 Rxg4 55. c4 h4 56. Nf5 Ne6 57. cxd5 cxd5 58. Re5 d4 59.
Rd5+ Kc7 60. Ne7 h3 0-1

[Event "Armenia ch 2005"]
[Site "Yerevan ARM"]
[Date "2005.05.06"]
[Round "7.5"]
[White "Galstian, Beniamin"]
[Black "Kotanjian, Tigran"]
[Result "0-1"]
[WhiteElo "2448"]
[BlackElo "2443"]
[PlyCount "66"]
[EventDate "2005.04.29"]
[EventType "tourn"]
[EventRounds "11"]
[EventCountry "ARM"]
[Source "lmi"]
[SourceDate "2005.05.11"]

1. e4 c5 2. Nf3 Nc6 3. Bb5 g6 4. O-O Bg7 5. Re1 e5 6. Bxc6 dxc6 7. d3 Qe7 8. a3
Nf6 9. b4 Nd7 10. Nbd2 O-O 11. Nc4 Nb6 12. Ne3 Rd8 13. Bd2 Na4 14. Qe2 b5 15.
g4 cxb4 16. axb4 c5 17. Kh1 cxb4 18. Rg1 Nc3 19. Qf1 Kh8 20. Nf5 gxf5 21. gxf5
Bb7 22. Ng5 Nxe4 23. dxe4 Rxd2 24. Qh3 h6 25. Qh5 Rxf2 26. Ra6 f6 27. Rg3 fxg5
28. Rxh6+ Kg8 29. Kg1 Rxc2 30. Kf1 Rc1+ 31. Ke2 Rac8 32. f6 R8c2+ 33. Kf3 Rf1+
0-1

[Event "Armenia ch 2005"]
[Site "Yerevan ARM"]
[Date "2005.05.06"]
[Round "7.6"]
[White "Chibukhchian, Artur"]
[Black "Minasian, Artashes"]
[Result "0-1"]
[WhiteElo "2406"]
[BlackElo "2597"]
[PlyCount "62"]
[EventDate "2005.04.29"]
[EventType "tourn"]
[EventRounds "11"]
[EventCountry "ARM"]
[Source "lmi"]
[SourceDate "2005.05.11"]

1. e4 e6 2. d4 d5 3. Nc3 Bb4 4. e5 b6 5. Qg4 Bf8 6. Nh3 Qd7 7. Nf4 g6 8. h4 h5
9. Qf3 Ne7 10. g4 hxg4 11. Qxg4 Ba6 12. h5 Bxf1 13. Rxf1 Nbc6 14. Be3 O-O-O 15.
hxg6 Rg8 16. O-O-O Nxg6 17. Nh5 Be7 18. Rg1 Kb7 19. Qf3 Nh4 20. Qxf7 Rxg1 21.
Rxg1 Nxd4 22. Nf6 Bxf6 23. Qxf6 Ndf5 24. Bf4 Re8 25. Rd1 Rg8 26. Bg3 Nf3 27.
Ne2 Rg4 28. Nf4 N3d4 29. Kb1 Nxg3 30. fxg3 Rxg3 31. c3 Qh7+ 0-1

[Event "Armenia ch 2005"]
[Site "Yerevan ARM"]
[Date "2005.05.07"]
[Round "8.1"]
[White "Yegiazarian, Arsen"]
[Black "Minasian, Artashes"]
[Result "1/2-1/2"]
[WhiteElo "2534"]
[BlackElo "2597"]
[PlyCount "31"]
[EventDate "2005.04.29"]
[EventType "tourn"]
[EventRounds "11"]
[EventCountry "ARM"]
[Source "lmi"]
[SourceDate "2005.05.11"]

1. d4 Nf6 2. Nf3 g6 3. Bg5 Bg7 4. Nbd2 O-O 5. c3 d6 6. e4 Nc6 7. Be2 h6 8. Bh4
e5 9. O-O Qe8 10. dxe5 dxe5 11. Qc2 Nh5 12. Rfd1 Nf4 13. Bf1 Be6 14. Bg3 Nh5
15. Bh4 Nf4 16. Bg3 1/2-1/2

[Event "Armenia ch 2005"]
[Site "Yerevan ARM"]
[Date "2005.05.07"]
[Round "8.2"]
[White "Kotanjian, Tigran"]
[Black "Chibukhchian, Artur"]
[Result "1-0"]
[WhiteElo "2443"]
[BlackElo "2406"]
[PlyCount "187"]
[EventDate "2005.04.29"]
[EventType "tourn"]
[EventRounds "11"]
[EventCountry "ARM"]
[Source "lmi"]
[SourceDate "2005.05.11"]

1. d4 d5 2. c4 dxc4 3. e4 Nc6 4. Nf3 Nf6 5. Nc3 Bg4 6. Be3 e6 7. Bxc4 Bb4 8. e5
Nd5 9. Rc1 O-O 10. O-O Bxc3 11. bxc3 f6 12. exf6 Qxf6 13. Be2 Rae8 14. h3 Bf5
15. Qb3 Nxe3 16. fxe3 Qh6 17. Rce1 Be4 18. c4 b6 19. Nd2 Nxd4 20. Rxf8+ Rxf8
21. Qc3 Nxe2+ 22. Rxe2 Qh5 23. Re1 Bb7 24. e4 Qc5+ 25. Kh1 Rf2 26. Re3 Qg5 27.
Rg3 Qf6 28. Qxf6 Rxf6 29. Kg1 Kf8 30. Ra3 a6 31. c5 b5 32. c6 Bxc6 33. Rxa6 e5
34. Ra7 Rf7 35. Ra6 Be8 36. Nf3 h6 37. Kf2 Re7 38. Ke3 c5 39. Ne1 c4 40. Nc2
Rd7 41. Nb4 Rd1 42. Nd5 Re1+ 43. Kf3 Rb1 44. Ra8 Kf7 45. Ra7+ Kg6 46. Ne7+ Kf6
47. Nd5+ Kg6 48. Ne7+ Kg5 49. Nf5 Rf1+ 50. Ke2 Rf4 51. Nd6 Bg6 52. Rxg7 Kf6 53.
Rg8 Bxe4 54. g3 Bd3+ 55. Ke3 Rf1 56. Nxb5 Re1+ 57. Kf2 Re2+ 58. Kf3 Rxa2 59.
Nc3 Ra3 60. Nd5+ Kf7 61. Rh8 c3 62. Ne3 Bf5 63. Rxh6 Bg6 64. Rh4 Bd3 65. Rh6
Ke7 66. Rc6 Kd7 67. Rc5 e4+ 68. Kf4 Kd6 69. Rc8 Kd7 70. Rc5 Kd6 71. Rc8 Ra2 72.
Rxc3 Rd2 73. Kg5 Ke6 74. Rc6+ Kd7 75. Rf6 Re2 76. Kf4 Ke7 77. Nd5+ Kd7 78. Ke5
Rg2 79. g4 Rg3 80. Rd6+ Kc8 81. Nf4 Bf1 82. Kf5 e3 83. h4 Bb5 84. g5 e2 85.
Nxe2 Bxe2 86. Kg6 Kc7 87. Rd4 Rh3 88. Kh7 Bd3+ 89. g6 Kc6 90. Kh6 Kc5 91. Rg4
Be2 92. Rg5+ Kd6 93. h5 Bf3 94. g7 1-0

[Event "Armenia ch 2005"]
[Site "Yerevan ARM"]
[Date "2005.05.07"]
[Round "8.3"]
[White "Sargissian, Gabriel"]
[Black "Galstian, Beniamin"]
[Result "0-1"]
[WhiteElo "2630"]
[BlackElo "2448"]
[PlyCount "86"]
[EventDate "2005.04.29"]
[EventType "tourn"]
[EventRounds "11"]
[EventCountry "ARM"]
[Source "lmi"]
[SourceDate "2005.05.11"]

1. d4 d5 2. c4 c6 3. Nf3 Nf6 4. e3 Bg4 5. Nc3 e6 6. h3 Bxf3 7. Qxf3 Nbd7 8. Bd3
Bd6 9. Bd2 dxc4 10. Bxc4 O-O 11. Bb3 e5 12. O-O Qe7 13. Qf5 Rad8 14. Rad1 Rfe8
15. dxe5 Qxe5 16. Qxe5 Bxe5 17. Bc2 Nc5 18. f4 Bc7 19. Bc1 Ba5 20. Rxd8 Rxd8
21. Rd1 Rxd1+ 22. Nxd1 Nce4 23. g4 Bd2 24. Bxd2 Nxd2 25. Kf2 Nc4 26. Bd3 Nb6
27. Nc3 h6 28. Kf3 Kf8 29. h4 Nfd7 30. b4 c5 31. a3 Ke7 32. h5 f6 33. Bf1 a6
34. Ke4 cxb4 35. axb4 Nc8 36. Kd4 Nb8 37. Bg2 b6 38. Ba8 Kd7 39. Nd5 Nc6+ 40.
Ke4 N6e7 41. Nxe7 Nxe7 42. Kd4 Kd6 43. Bb7 Nc6+ 0-1

[Event "Armenia ch 2005"]
[Site "Yerevan ARM"]
[Date "2005.05.07"]
[Round "8.4"]
[White "Minasian, Ara"]
[Black "Babujian, Levon"]
[Result "0-1"]
[WhiteElo "2510"]
[BlackElo "2386"]
[PlyCount "72"]
[EventDate "2005.04.29"]
[EventType "tourn"]
[EventRounds "11"]
[EventCountry "ARM"]
[Source "lmi"]
[SourceDate "2005.05.11"]

1. d4 Nf6 2. c4 g6 3. Nc3 d5 4. Nf3 Bg7 5. e3 O-O 6. Be2 c5 7. O-O cxd4 8. exd4
Nc6 9. h3 Bf5 10. Be3 Rc8 11. Rc1 dxc4 12. Bxc4 Na5 13. Be2 Nc4 14. Bxc4 Rxc4
15. Qb3 Rc7 16. d5 Qa8 17. Nd4 Bd3 18. Ncb5 Rxc1 19. Rxc1 Be4 20. Nc3 Bd3 21.
Rd1 Ba6 22. Qa3 Rd8 23. Nc2 Bf8 24. Bc5 Rd7 25. b4 Qc8 26. Bxa7 Rc7 27. Bd4
Nxd5 28. Nxd5 Rxc2 29. b5 e5 30. Ne7+ Bxe7 31. Qxe7 Rc1 32. Bxe5 Rxd1+ 33. Kh2
Qd8 34. Qb4 Rd5 35. bxa6 Rxe5 36. axb7 Re8 0-1

[Event "Armenia ch 2005"]
[Site "Yerevan ARM"]
[Date "2005.05.07"]
[Round "8.6"]
[White "Anastasian, Ashot"]
[Black "Asrian, Karen"]
[Result "1/2-1/2"]
[WhiteElo "2574"]
[BlackElo "2611"]
[PlyCount "106"]
[EventDate "2005.04.29"]
[EventType "tourn"]
[EventRounds "11"]
[EventCountry "ARM"]
[Source "lmi"]
[SourceDate "2005.05.11"]

1. d4 e6 2. c4 Nf6 3. Nc3 Bb4 4. Qc2 O-O 5. Nf3 c5 6. dxc5 Na6 7. e3 Nxc5 8.
Bd2 b6 9. Be2 Bb7 10. a3 Bxc3 11. Bxc3 Nce4 12. Bd4 Rc8 13. O-O Qc7 14. Rac1
Rfe8 15. b4 h6 16. Nd2 e5 17. Bb2 Ng5 18. Rfd1 d6 19. f3 Qe7 20. Nf1 h5 21. Qd2
Rcd8 22. e4 Ne6 23. Ne3 Nf4 24. Bf1 Bc8 25. Qe1 Nh7 26. Nd5 Nxd5 27. Rxd5 Be6
28. Rd2 Nf8 29. c5 bxc5 30. bxc5 dxc5 31. Bxe5 c4 32. Bb2 Qg5 33. Bd4 Qa5 34.
Qe3 Rd7 35. Qc3 Qxc3 36. Bxc3 Rb8 37. Rdc2 Rb3 38. Bb4 a5 39. Bxa5 Rxa3 40. Bc3
Ng6 41. g3 f6 42. f4 Bf7 43. Kf2 Ne7 44. e5 fxe5 45. Bxe5 Nd5 46. Be2 Ne3 47.
Rc3 Rxc3 48. Bxc3 Ng4+ 49. Bxg4 hxg4 50. Ke3 Bg6 51. Bd4 Bd3 52. Ra1 Kf7 53.
Ra5 g6 1/2-1/2

[Event "Armenia ch 2005"]
[Site "Yerevan ARM"]
[Date "2005.05.08"]
[Round "9.1"]
[White "Asrian, Karen"]
[Black "Yegiazarian, Arsen"]
[Result "1-0"]
[WhiteElo "2611"]
[BlackElo "2534"]
[PlyCount "103"]
[EventDate "2005.04.29"]
[EventType "tourn"]
[EventRounds "11"]
[EventCountry "ARM"]
[Source "lmi"]
[SourceDate "2005.05.11"]

1. e4 e5 2. Nf3 Nc6 3. Bb5 a6 4. Ba4 Nf6 5. d3 b5 6. Bb3 Bc5 7. Nc3 d6 8. Nd5
h6 9. c3 Rb8 10. O-O O-O 11. d4 Ba7 12. Be3 exd4 13. Nxd4 Nxd4 14. Bxd4 Bxd4
15. Qxd4 c5 16. Nxf6+ Kh8 17. Qe3 Qxf6 18. Rad1 Bb7 19. f3 Rfe8 20. Qf2 a5 21.
Bd5 a4 22. Qc2 Bxd5 23. Rxd5 Re5 24. Rd2 Qe6 25. b3 axb3 26. Qxb3 b4 27. Qxe6
Rxe6 28. Rb1 Ree8 29. cxb4 Rxb4 30. Rxb4 cxb4 31. Rxd6 Ra8 32. Rd2 Ra3 33. Rb2
g5 34. h4 Kg7 35. Kh2 Kg6 36. Kh3 f6 37. Rxb4 Rxa2 38. Rb6 Re2 39. h5+ Kf7 40.
Rb7+ Kg8 41. Kg4 Rxg2+ 42. Kf5 Rg3 43. Kg6 Kf8 44. Rf7+ Ke8 45. Rxf6 g4 46. f4
Rf3 47. Kf5 g3 48. Rxh6 g2 49. Rg6 Rf2 50. h6 Kf7 51. Rg7+ Kf8 52. Rg3 1-0

[Event "Armenia ch 2005"]
[Site "Yerevan ARM"]
[Date "2005.05.08"]
[Round "9.2"]
[White "Petrosian, Tigran L"]
[Black "Anastasian, Ashot"]
[Result "1/2-1/2"]
[WhiteElo "2599"]
[BlackElo "2574"]
[PlyCount "101"]
[EventDate "2005.04.29"]
[EventType "tourn"]
[EventRounds "11"]
[EventCountry "ARM"]
[Source "lmi"]
[SourceDate "2005.05.11"]

1. e4 d6 2. d4 g6 3. Nc3 c6 4. Be3 Nf6 5. f3 Nbd7 6. Qd2 b5 7. Nge2 Bg7 8. g4
Nb6 9. Ng3 h5 10. g5 Nfd7 11. h4 Qc7 12. f4 b4 13. Nd1 c5 14. d5 Na4 15. Rb1
Qb6 16. Bg2 Qa5 17. e5 Ndb6 18. b3 Nc3 19. Nxc3 bxc3 20. Qd3 Ba6 21. Qe4 Bb7
22. Qd3 O-O-O 23. e6 Ba6 24. Qe4 f5 25. gxf6 Bxf6 26. b4 Qxa2 27. Kf2 Bb7 28.
Rhd1 Bd4 29. Bxd4 cxd4 30. Ra1 Qxd5 31. Rxa7 Qxe4 32. Nxe4 Kb8 33. Rxb7+ Kxb7
34. Nxd6+ Kc7 35. Nf7 Rhf8 36. Nxd8 Rxd8 37. Be4 Nc4 38. Bxg6 Nb2 39. Ra1 d3
40. cxd3 Nxd3+ 41. Bxd3 Rxd3 42. b5 Kb6 43. Ke2 Rh3 44. f5 Rxh4 45. f6 exf6 46.
Kd3 Rg4 47. Re1 Rg8 48. Kxc3 Kxb5 49. Kd4 Kc6 50. Rf1 Rg4+ 51. Ke3 1/2-1/2

[Event "Armenia ch 2005"]
[Site "Yerevan ARM"]
[Date "2005.05.08"]
[Round "9.3"]
[White "Babujian, Levon"]
[Black "Nalbandian, Tigran"]
[Result "0-1"]
[WhiteElo "2386"]
[BlackElo "2508"]
[PlyCount "110"]
[EventDate "2005.04.29"]
[EventType "tourn"]
[EventRounds "11"]
[EventCountry "ARM"]
[Source "lmi"]
[SourceDate "2005.05.11"]

1. e4 e6 2. d4 d5 3. Nc3 dxe4 4. Nxe4 Nd7 5. Nf3 Ngf6 6. Nxf6+ Nxf6 7. g3 c5 8.
Be3 Nd5 9. Ne5 Nxe3 10. fxe3 Bd6 11. Bb5+ Ke7 12. Qe2 Bxe5 13. dxe5 Qd5 14. Rf1
Qxe5 15. O-O-O a6 16. Bd3 Bd7 17. Qf3 Rhf8 18. Be4 Rab8 19. Bxb7 Bc8 20. Qe4
Qxe4 21. Bxe4 Rb4 22. Bc6 e5 23. Rd5 Be6 24. Rxe5 Rfb8 25. Bd5 Kd6 26. Rg5 h6
27. Bxe6 hxg5 28. Bxf7 Re4 29. Re1 Rf8 30. Bg6 Re6 31. Bd3 Ke5 32. Re2 a5 33.
a4 Ref6 34. Re1 Rf2 35. h4 g4 36. Be2 R2f3 37. Rg1 Ke4 38. Kd2 Rf2 39. Re1 R8f3
40. Kc3 Rxe3+ 41. Bd3+ Kf3 42. Rg1 Rg2 43. Rf1+ Rf2 44. Rg1 Rg2 45. Rf1+ Kxg3
46. Rf7 g6 47. Rg7 Kxh4 48. Rxg6 g3 49. Kc4 Re5 50. Rh6+ Kg4 51. Rg6+ Rg5 52.
Re6 Rf2 53. Re1 Rf4+ 54. Kc3 g2 55. Bb5 Kf3 0-1

[Event "Armenia ch 2005"]
[Site "Yerevan ARM"]
[Date "2005.05.08"]
[Round "9.4"]
[White "Galstian, Beniamin"]
[Black "Minasian, Ara"]
[Result "1-0"]
[WhiteElo "2448"]
[BlackElo "2510"]
[PlyCount "129"]
[EventDate "2005.04.29"]
[EventType "tourn"]
[EventRounds "11"]
[EventCountry "ARM"]
[Source "lmi"]
[SourceDate "2005.05.11"]

1. e4 Nf6 2. e5 Nd5 3. d4 d6 4. Nf3 Bg4 5. Be2 e6 6. O-O Be7 7. c4 Nb6 8. h3
Bh5 9. Nc3 O-O 10. Be3 d5 11. c5 Bxf3 12. gxf3 Nc8 13. f4 Nc6 14. b4 Bh4 15. b5
N6e7 16. Bd3 f5 17. Kh2 Ng6 18. Rg1 Qe8 19. Qf3 Kh8 20. a4 Bd8 21. a5 Nce7 22.
Qg3 Ng8 23. Be2 Bh4 24. Qg2 N8e7 25. Nb1 Rg8 26. Nd2 Nf8 27. Nf3 Neg6 28. Rgc1
Be7 29. c6 b6 30. Qg3 Qd8 31. Kh1 Rc8 32. Bd2 h6 33. Rg1 Nh4 34. Nh2 g6 35. Qb3
Rg7 36. axb6 axb6 37. Ra7 Kh7 38. Nf1 Kh8 39. Ng3 Nh7 40. Rga1 Rg8 41. Qa4 g5
42. Qb3 gxf4 43. Bxf4 Bg5 44. Nh5 Bxf4 45. Nxf4 Ng5 46. Qe3 Qe7 47. f3 Ng6 48.
Nh5 Nh7 49. Nf6 Nxf6 50. exf6 f4 51. Qe5 Nxe5 52. fxe7 Ng6 53. Bd3 Nh4 54. Rg1
Rge8 55. Rg4 Nxf3 56. Rxf4 Ng5 57. Rxc7 Rxc7 58. Rf8+ Kg7 59. Rxe8 Kf7 60. Bg6+
Kf6 61. h4 Ne4 62. Rf8+ Kxe7 63. Rf7+ Kd6 64. Rxc7 Kxc7 65. Bxe4 1-0

[Event "Armenia ch 2005"]
[Site "Yerevan ARM"]
[Date "2005.05.08"]
[Round "9.5"]
[White "Chibukhchian, Artur"]
[Black "Sargissian, Gabriel"]
[Result "0-1"]
[WhiteElo "2406"]
[BlackElo "2630"]
[PlyCount "70"]
[EventDate "2005.04.29"]
[EventType "tourn"]
[EventRounds "11"]
[EventCountry "ARM"]
[Source "lmi"]
[SourceDate "2005.05.11"]

1. e4 e5 2. Bc4 Nf6 3. d3 Nc6 4. Nf3 Bc5 5. c3 d6 6. O-O O-O 7. Nbd2 a6 8. Bb3
h6 9. h3 Ba7 10. Re1 Nh5 11. Nf1 Qf6 12. Ne3 Nf4 13. Ng4 Qg6 14. Bxf4 exf4 15.
Nh4 Qg5 16. Nf3 Bxg4 17. hxg4 Qxg4 18. d4 Rae8 19. Qd3 Re7 20. Re2 Rfe8 21.
Rae1 Nd8 22. e5 Qd7 23. Nh4 d5 24. Nf5 Ne6 25. Qf3 c6 26. Bc2 g6 27. Nxh6+ Kg7
28. Ng4 Rh8 29. Nf6 Qc8 30. Qg4 Rh6 31. Rd2 Qh8 32. Kf1 Rh4 33. Qf3 Ng5 34. Qd1
f3 35. gxf3 Ne6 0-1